Európska konferencia Ekonometrickej spoločnosti

Bibliographic Details
Main Author: Šujan, Ivan, 1935- (Author)
Format: Article
Language:Slovak
Subjects:

MARC

LEADER 00000nab a2200000 a 4500
001 vtls000277690
003 SK-MaSNL
005 20260304204842.0
008 250422c1987 xo 0 slo
015 |a SNBRB19rr/mm-uuuuu 
035 |a CL0287808 
035 |a urn:nbn:sk:snk-ab6qs4 
035 |a (uuid)5200ad55-aa6b-43b8-ab48-647595fd94d0 
035 |a (urnnbn)urn:nbn:sk:snk:ar-a059g5 
035 |a (sysno)vtls000277690 
040 |a SNKBUCL  |b slo  |c SNKBUCL  |e AACR2 
041 0 |a slo 
044 |a xo  |c SK 
080 |a 330.115  |2 1981 
100 1 |a Šujan, Ivan,  |d 1935-  |4 aut  |9 5042 
245 1 0 |a Európska konferencia Ekonometrickej spoločnosti  |c Ivan Šujan 
650 0 7 |a ekonometria  |2 snkbucl  |9 2138 
655 7 |a články z novín a časopisov  |2 snkbucl  |9 267496 
773 0 |t Ekonomický časopis  |g Roč. 35, č. 1 (1987), s. 93-96 
850 |a Slovenská národná knižnica 
852 |a Slovenská národná knižnica 
954 |a odborná, vedecká literatúra pôvodná (slovenská)  |2 lita 
958 |a article27 
958 |a RK 
958 |a HU 
958 |a OND 
958 |a EUIPO 
992 |a RBX 
999 |c 3118231  |d 3120161